LEADER 01254nam a2200277 u 4500 001 000000072624 003 CaOOAMICUS 005 20070226122248.0 008 020619s1967 it u000 u ita u 035 $a10933991 040 $aPUL(R)$bita 245 00$aRivoluzione e letteratura :$bil dibattito al 1° congresso degli scrittori sovietici /$ca cura di Giorgio Kraiski ; introduzione di Vittorio Strada. 260 $aBari :$bLaterza,$c1967. 300 $alxxvi, 341 p. ;$c19 cm 490 1 $aLibri del tempo (Laterza) ;$v98/99 504 $aBibliografia in nota. 650 4$aLetteratura russa.$0(OLS)http://pul/subject/8344 700 1 $aStrada, Vittorio,$d1929-$0(OLS)http://pul/name/10371 700 1 $aKraiskj, Giorgio.$0(OLS)http://pul/name/48044 830 0$aLibri del tempo (Laterza) ;$v98/99.$0(OLS)http://pul/title/7260 850 $aPUL 852 $aPUL$W1$xDP1 Cons. Gen., Altre Classi 1$y22$m842 B 11$j93944$nBK-PRI$b $qStampati$B93944$CPULBib$Z2$F93944 $H $81 941 1 $a8 961 $aINV: 61330 996 $6245$aRivoluzione e letteratura :$bil dibattito al 1° congresso degli scrittori sovietici$9(OLS)http://pul/title/95519 996 $6260$aBari :$bLaterza$9(OLS)http://pul/publisher/47895 LEADER 01264nam a2200313 a 4500 001 000000139964 003 CaOOAMICUS 005 20140926135556.0 008 140926s2014 it u000 u ita r 020 $a978-88-399-0470-6 040 $aPUL$bita 041 1 $aita$hger 100 1 $aLohfink, Gerhard,$d1934-$0(OLS)http://pul/name/25240 240 10$aJesus von Nazaret.$lItaliano.$0(OLS)http://pul/title/177178 245 10$aGesł di Nazaret :$bcosa volle - chi fu /$cGerhard Lohfink. 260 $aBrescia :$bQueriniana,$c©2014. 300 $a452 p. ;$c23 cm 490 1 $aBiblioteca di teologia contemporanea ;$v170 504 $aBibliografia in nota. 600 04$aIesus Christus$xBiografia.$0(OLS)http://pul/subject/7583 830 0$aBiblioteca di teologia contemporanea ;$v170.$0(OLS)http://pul/title/7472 850 $aPUL 852 $aPUL$W1$xSL Religione 3$y85$m200 BTC 1.170$j161679$qDDC 21 $B161133$CPULBib$Z2$F161133 $H124672 $82 941 1 $a9 983 0$aBTC. 996 $6020$a978-88-399-0470-6 $9(OLS)http://pul/number/156047 996 $6245$aGesł di Nazaret :$bcosa volle - chi fu$9(OLS)http://pul/title/177177 996 $6260$aBrescia :$bQueriniana$9(OLS)http://pul/publisher/47906